Site health handbook (Record no. 108653)
[ view plain ]
| 000 -LEADER | |
|---|---|
| fixed length control field | 01599cam a22002775a 4500 |
| 001 - CONTROL NUMBER | |
| control field | L144902 |
| 008 - FIXED-LENGTH DATA ELEMENTS--GENERAL INFORMATION | |
| fixed length control field | 080819s2008 xxk ao f 000 0 eng d |
| 020 ## - INTERNATIONAL STANDARD BOOK NUMBER | |
| International Standard Book Number | 9780860176701 |
| 035 ## - SYSTEM CONTROL NUMBER | |
| System control number | (Sirsi) u144902 |
| 041 0# - LANGUAGE CODE | |
| Language code of text/sound track or separate title | eng |
| 050 04 - LIBRARY OF CONGRESS CALL NUMBER | |
| Classification number | 690.22 $2 22 |
| 100 1# - MAIN ENTRY--PERSONAL NAME | |
| Personal name | Pendlebury, Martin |
| 245 00 - TITLE STATEMENT | |
| Title | Site health handbook |
| 250 ## - EDITION STATEMENT | |
| Edition statement | 2nd ed. |
| 260 ## - PUBLICATION, DISTRIBUTION, ETC. | |
| Place of publication, distribution, etc. | London |
| Name of publisher, distributor, etc. | Construction Industry Research and Information Association |
| Date of publication, distribution, etc. | 2008 |
| 300 ## - PHYSICAL DESCRIPTION | |
| Extent | 148p. |
| Other physical details | ill. |
| Dimensions | 21cm. |
| 490 #0 - SERIES STATEMENT | |
| Series statement | CIRIA |
| Volume/sequential designation | C670 |
| 505 2# - FORMATTED CONTENTS NOTE | |
| Formatted contents note | Introduction to site health -- Site health: the basics --Health issues at work -- Further help and information |
| 520 ## - SUMMARY, ETC. | |
| Summary, etc. | Gives practical advice on how to recognise health risks on site, how to reduce or avoid them, and how to deal with them efficiently when they occur. Provides guidance on site inductions, personal protective equipment, first-aid, accident reporting and health screening. Helps understand the issues that affect good health in the construction sector. Takes into account the Construction (Design and Management) Regulations 2007 and other recent health and safety legislation. Written for workers, supervisors, managers, and designers who are making decisions about constructions. To be used with CIRIA's Site safety handbook C669 (L144901). Contains a list of useful contacts, legislation, approved codes of practice and Health and Safety Executive publications. |
| 520 ## - SUMMARY, ETC. | |
| Summary, etc. | Supersedes the first edition ISBN 0860176290 |
| 521 ## - TARGET AUDIENCE NOTE | |
| Target audience note | Advanced |
| 590 ## - LOCAL NOTE (RLIN) | |
| Local note | KA |
| 651 #4 - SUBJECT ADDED ENTRY--GEOGRAPHIC NAME | |
| Geographic name | England and Wales |
| Chronological subdivision | 1543- |
| 690 ## - LOCAL SUBJECT ADDED ENTRY--TOPICAL TERM (OCLC, RLIN) | |
| Topical term or geographic name as entry element | Health and safety |
| 9 (RLIN) | 6244 |
| 942 ## - ADDED ENTRY ELEMENTS (KOHA) | |
| Suppress in OPAC | 0 |
| Withdrawn status | Lost status | Source of classification or shelving scheme | Damaged status | Not for loan | Home library | Current library | Shelving location | Date acquired | Total Checkouts | Full call number | Barcode | Date last seen | Copy number | Price effective from | Koha item type |
|---|---|---|---|---|---|---|---|---|---|---|---|---|---|---|---|
| Dewey Decimal Classification | London | London | Books | 19/08/2008 | 690.22 PEN | 30071254 | 06/08/2019 | 1 | 06/08/2019 | Book |